The Effect of water parameters on the development of Hevea brasiliensis calli in in vitro culture (Record no. 45984)

MARC details
000 -LEADER
fixed length control field 00611nam a2200181Ia 4500
100 ## - MAIN ENTRY--AUTHOR NAME
Personal name Etienne H
245 #4 - TITLE STATEMENT
Title The Effect of water parameters on the development of Hevea brasiliensis calli in in vitro culture
260 ## - PUBLICATION, DISTRIBUTION, ETC. (IMPRINT)
Name of publisher Annales des Sciences Forestieres (Journal discontinued and now title changed as Annals of Forest Science)
Year of publication 1991
300 ## - PHYSICAL DESCRIPTION
Number of Pages 253-265
650 ## - SUBJECT ADDED ENTRY--TOPICAL TERM
Topical Term Hevea brasiliensis
650 ## - SUBJECT ADDED ENTRY--TOPICAL TERM
Topical Term Mineral nutrition
650 ## - SUBJECT ADDED ENTRY--TOPICAL TERM
Topical Term Somatic embryogenesis
650 ## - SUBJECT ADDED ENTRY--TOPICAL TERM
Topical Term Water parameters
700 ## - ADDED ENTRY--PERSONAL NAME
Personal name Carron MP
700 ## - ADDED ENTRY--PERSONAL NAME
Personal name Montoro P
942 ## - ADDED ENTRY ELEMENTS (KOHA)
Koha item type Reprints
Holdings
Withdrawn status Lost status Damaged status Not for loan Home library Current library Date acquired Serial Enumeration / chronology Koha item type
      Reprints RRII Library RRII Library 22/12/2021 Volume 48, Issue Reprints